000 00388nam a2200133Ia 4500
008 151001s9999||||xx |||||||||||||| ||und||
100 _aठाकूर देवेश
245 _aभ्रमभंग
250 _a1
260 _bबांदोडकर पब्लिशिंग कंपनी मुंबई
260 _c1983
300 _a267
365 _b18
999 _c964938
_d964935